01030 2200313 4500001002100000005001500021035002000036007000300056008004100059020002200100040002200122082001200144084001400156090001800170090002200188100003900210245015000249250002600399300006400425650002800489850001200517504003400529264003500563336002100598337003000619338002300649999002200672990002200694INLIS00000000085779220210325100348 a0010-0321000815ta210325s2019 yoia g 00 ind d a978-623-7519-05-8 aYOPDYOGbinderda04223a225 a225 SIT m aDEP 225 SIT m aCB-D.11 2019-38211 aSitumorang, Jonar THcPdtepenulis10aMengenal dunia perjanjian baru :bmemahami peristiwa-peristiwa sejarah, politik dan motivasi seputar dunia perjanjian baru /cJonar TH Situmorang aCetakan pertama, 2019 aviii, 376 halaman :bilustrasi, gambar hitam putih ;c25 cm 4aAlkitab-Perjanjian Baru aYOPDYOG aBibliografi : halaman 369-37531aYogyakarta :bPBMR Andi,c2019 2rdacontentateks 2rdamediaatanpa perantara 2rdacarrieravolume aCB-D.11/2019-3821 aCB-D.11/2019-3821